000
00360nam a2200133Ia 4500
008
231129s9999||||xx |||||||||||||| ||spa||
020
_a
970-10-3573-9
040
_b
spa
082
_a
670 S314p
100
_a
Schey John A.
245
0
_a
Procesos de manufactura
264
_a
McGraw-Hill/Interamericana
942
_2
ddc
_c
BKS
999
_c
23295
_d
23295